| 000 | 00740nam a2200193 i 4500 | ||
|---|---|---|---|
| 001 | 151752 | ||
| 003 | ES-MaACL | ||
| 005 | 20231223063108.0 | ||
| 008 | 931025m18821883sp |||| | spa d | ||
| 100 | 1 |
_aBecerra, Manuel, _d1823-1896 _926880 |
|
| 245 | 1 | 3 |
_aEl Imperio Ibérico _b: sus grandezas y decadencias, su influencia en el progreso y los elementos exteriores que han determinado su manera de ser / _cpor Manuel Becerra. |
| 260 |
_aMadrid : _b[s.n.], _c1882-1883 ( _fM.P. Montoya y Compañía) |
||
| 300 |
_a3 v. ; _c24 cm. |
||
| 650 | 4 |
_aEspaña- _xHistoria. _9185483 |
|
| 650 | 4 |
_aPortugal- _xHistoria. _9221729 |
|
| 752 |
_aEspaña - _dMadrid |
||
| 852 |
_aES-MaACL _jG-6274-76 _z- Enc. hol. |
||
| 999 |
_c151752 _d151752 |
||